Culture générale 100 questions progressives (3) - Statistiques

Statistiques générales
  • Ce quiz a été pris 859 fois
  • Le résultat moyen est 20 sur 100
Statistiques - réponses
% Question Réponse % Correct
1 Quel est le nom du Premier ministre français nommé en janvier 2024 ? Attal
96%
2 Combien font 99 et 119 en lettres ? (avant les tolérances de 1990) deux cent dix-huit
70%
3 Qui construit la voiture nommée Traction ? Citroën
58%
4 Quelle est la capitale de l'Arménie ? Erevan
50%
5 Un oipéra est un gâteau au... Chocolat
49%
6 Quel est l'abréviation souvent utilisé pour désigner la région à laquelle appartient le Var ? PACA
46%
7 Quel élément a pour symbole le C ? Carbone
45%
9 Sur quel continent se trouve le lac Tchad ? Afrique
41%
8 Quel roi a succédé à Louis XVIII en France ? Charles X
40%
10 Quel très vaste château François 1er a-t-il fait construire ? Chambord
39%
11 Quelle bataille a eu lieu le 2 décembre 1805 ? Austerlitz
37%
13 Quel pays a été envahi par l'Allemagne le 11 mars 1938 ? Autriche
37%
12 Quel était le prénom de M. Pernaut, journaliste ? Jean-Pierre
37%
94 Quel saint est fêté le 25 août ? Louis
32%
24 Sous la protection de quel archange est placé un célèbre mont de Normandie ? Michel
28%
25 Le verbe "manger" appartient à quel groupe, 1er, 2e, 3e ? 1er
25%
40 Combien sont les ours amis de Boucle d'or ? 3
25%
98 Quel est le plus ancien constructeur automobile du monde encore en activité ? Peugeot
24%
42 Qui gouvernait en Allemagne en 1935 ? Adolf Hitler
23%
29 Quelle est la couleur du maillot des footballeurs italiens ? Bleu
23%
30 Quelle pandémie a débuté en 2020 ? Covid-19
23%
63 Dans quel pays auront lieu les jeux olympiques d'hiver de 2030 ? France
23%
95 Quiz en français s'écrit quiz ou quizz ? Quiz
23%
41 Quelle commune est dans le 62 ? Saint-Ouen ou Saint-Omer ? Saint-Omer
23%
15 Quelle ville est appelée London en anglais ? Londres
22%
16 Quelle fabrique de pneus se trouve à Clermont-Ferrand ? Michelin
22%
64 Quel fruit est indispensable à la tarte tatin ? Pomme
22%
58 De quelle couleur est la rose de l'amour ? Rouge
22%
67 De quelle couleur est le grenat le plus commun ? Rouge
22%
32 Combien font 23 x 2 - 12 + 8 : 6 = 7
21%
60 Quel prénom est commun à deux présidents de la République française ? Paul | François
21%
68 Qui n'a pas été président de la République ? Rocard ou Hollande Rocard
21%
47 Quelle 1ère Ministre a un patronyme évoquant une limite ? Borne
20%
14 Quel était le titre du chef des Incas Empereur
20%
65 Quel président de la République en fonction quand l'homme a marché sur la Lune ? Georges Pompidou
20%
38 Quelle est par sa superficie le plus petit département français ? Paris
20%
99 Quel est le plat "national" du Québec ? Poutine
20%
31 Que signifie "actual" en anglais ? Vrai | Réel
20%
26 Quel maréchal a été président de la République ? Mac Mahon
19%
33 Que signifie USA en géographie ? United States of America
19%
34 Qui règne sur Monaco en janvier 2024 ? Albert II
18%
28 Quel pays a une seule frontière, avec le Royaume-Uni ? Irlande
18%
66 Comment se nomment des gants sans doigts ? Mitaines
18%
27 Comment se nomme la tour la plus haute de Paris ? Montparnasse
18%
96 Qu'est le 9e art ? Bande dessinée
17%
48 Le roi Louis XIII est le (...) du roi Henri IV Fils
17%
37 Quel est le plus long fleuve de France ? Loire
17%
91 Dans quel département se trouve Firminy ? Loire
17%
21 Dans quel département se trouve Lille ? Nord
17%
20 Qui a écrit "Les trois mousquetaires" Alexandre Dumas
16%
19 Quel est le plus gros animal marin actuel ? Baleine
16%
18 Comment se nomme le mâle de l'oie? Jars
16%
17 Qui a dit "Mais qu'allait-il donc faire dans cette galère" ? Molière
16%
61 De quel pays vient le thé de Ceylan ? Sri Lanka
16%
73 Quel département porte le numéro 973 ? Guyane
15%
43 Quelle possession française est appelée le caillou ? Nouvelle-Calédonie
15%
39 Quelle année est la dernière année des trois papes ? 1978
14%
36 Quel est le prénom de Mme Chirac ? Bernadette
14%
59 Quelle race de chien est appelée Poodle en anglais ? Caniche
14%
35 Qui a écrit "Les particules élémentaires" ? Michel Houellebecq
14%
89 Quel est le prénom du frère de François Léotard, qui était acteur ? Philippe
14%
76 Quand est née la chaîne Canal + ? (année) 1984
13%
22 Dans quel film français voit-on une 2cv "écartelée" ? Le Corniaud
13%
46 Quel président américain prénommé Abraham a été assassiné ? Lincoln
13%
23 Lucky Luke tire plus vite que son ombre
13%
44 Conjuguer "rire" à la 3e personne du pluriel du subjonctif imparfait ? Ils/elles Rissent
13%
74 Le nom IKEA composé à partir de Ingvar, Kamprad, Elmtaryd et Agunnaryd est un acronyme
12%
69 Qui chantait "La ballade irlandaise" ? Bourvil
12%
75 Quel fromage normand a été inventé par Marie Harel Camembert
12%
45 Quel ingrédient est essentiel dans un plat dit "forestier" ? Champignons
12%
71 Qu'est ce qui différencie Dupont et Dupond chez Hergé ? Moustache
12%
70 Que signifie "factory" en anglais ? Usine | Manufacture
12%
72 Dans quel département se trouve le château de Versailles ? Yvelines
12%
49 Quelle sainte est la protectrice des pompiers ? Barbe
11%
97 Quel était le prénom du psychiatre Alzheimer ? Alois
10%
50 Quelle est la capitale d'Andorre ? Andorre la vieille
10%
78 Qui a été baptisé à Reims par l'évêque Remi ? Clovis
10%
51 Ecrire 573 en chiffres romains DLXXIII
10%
52 Qui était Vladimir Ilitch Oulianov Lenine
10%
62 Quel aviateur a fait la 1ère traversée de la Méditerranée ? Roland Garros
10%
90 Quand se termine le second empire en France ? (année) 1870
9%
80 Où est né Emmanuel Macron ? Amiens
9%
81 Qui a écrit "De la Terre à la Lune" ? Jules Verne
9%
79 Comment se nomme le petit d'une jument et d'un âne ? Mule
9%
54 Quel est le nom du détroit entre la France et l'Angleterre Pas-de-Calais
9%
53 Que sont Genéral Leclerc et Louise-Bonne chez le primeur ? Poires
9%
83 Quelle ville existe en Autriche et en France ? Vienne
9%
57 Quelles femmes étaient réputées être de redoutables guerrières ? Amazones
8%
77 Qu'était le Palais Brongniart à Paris ? Bourse
8%
82 Qui a écrit "Objectif Lune" et "On a marché sur la Lune" Hergé
8%
92 Quelle est la spécialité de confiserie à Nevers ? Negus
8%
55 Que signifie Ecce homo Voici l'homme
8%
56 Quel est l'ancien nom de la RD du Congo ? Zaïre
8%
93 Quelle est cette date ? XXVII/IX/MCMLXXXVII 27 septembre 1987
7%
84 Conjuguez le verbe "joindre" au subjonctif plus-que-parfait 1ère personne du pluriel... Que nous... eussions joint
7%
85 De quel astéroïde vient le Petit Prince ? B 612
6%
86 Comment se nomme une maison de retraite en sigle ? EHPAD
6%
87 Comment se nomme un cheval castré ? Hongre
6%
100 Qui a créé en France la chanson "Mon légionnaire" Marie Dubas
6%
88 Quel est le chien préféré des Français en 2022 ? Berger australien
5%
Aucun quiz correspondant
Distribution des résultats
% des personnes avec chaque résultat
Percentile par nombre de réponses
Votre historique - résultats
Vous n’avez pas pris ce quiz